| 000 | 00599nam a2200205 4500 | ||
|---|---|---|---|
| 005 | 20260428163534.0 | ||
| 008 | 260428b |||||||| |||| 00| 0 eng d | ||
| 020 |
_a9780073379647 _qhbk |
||
| 041 | _aeng | ||
| 082 |
_a343.7304 _bJON |
||
| 100 | _aJones,Sally M. | ||
| 245 |
_aPrinciples of Taxation _bfor Business and Investment Planning _cSally Jones M. |
||
| 250 | _a2010 Ed | ||
| 260 |
_aNew York _bMcGraw-Hill/Irwin _c2010 |
||
| 300 |
_a610p. : _c25cm. |
||
| 504 | _aindex | ||
| 650 | _aMilitary, tax, trade & industrial law | ||
| 700 | _aShelley C. Rhoades-catanach | ||
| 942 | _cENGLISH | ||
| 999 |
_c620290 _d620290 |
||